Statistics for Hunger Games Trilogy - Part Two

Click here to take the quiz!

General Stats

  • This quiz has been taken 117 times
  • The average score is 24 of 32

Answer Stats

HintAnswer% Correct
Main characterKatniss Everdeen
100%
The other District 12 victorPeeta Mellark
100%
Main character's younger sisterPrimrose
98%
Drunken mentorHaymitch Abernathy
95%
Hunting friend of the aboveGale Hawthorne
94%
President of the CapitolCoriolanus Snow
93%
Handsome District 4 victorFinnick Odair
93%
Main character's head stylistCinna
92%
Capitol-born chaperone of the District 12 tributesEffie Trinket
91%
District 7 victor who is good with an axeJohanna Mason
88%
The above's fellow elderly tribute in the GamesMags
86%
District which had Peacekeepers shoot an old man on the Victory Tour11
85%
TV hostCaesar Flickerman
84%
Author of the bookSuzanne Collins
84%
Special Games that occur once every 25 yearsQuarter Quell
82%
Friendly District 3 victorsBeetee
81%
The arena's design is a ______clock
81%
But this transforms into a _______Mockingjay
81%
Head gamemakerPlutarch Heavensbee
77%
Friendly District 3 victorsWiress
75%
Known threats in the arenaMonkey Muttations
71%
Main character wears this at her interviewA Wedding Dress
70%
Actor who plays the male leadJosh Hutcherson
69%
Known threats in the arenaBlood Rain
62%
Known threats in the arenaLightning Storm
61%
Known threats in the arenaPoisonous Fog
59%
Known threats in the arenaJabberjay
57%
Known threats in the arenaTsunami
57%
New Head PeacekeeperRomulus Thread
45%
Object given to main character in the arenaPearl
27%
Known threats in the arenaNoisy insects
18%
Known threats in the arenaThe Beast
14%

Score Distribution

Percentile by Number Answered

Percent of People with Each Score

Your Score History

You have not taken this quiz